Génesis de las naciones y culturas del Nuevo Mundo: ensayo de historia comparada

Gespeichert in:
Bibliographische Detailangaben
1. Verfasser: Bouchard, Gérard
Format: Buch
Sprache:Spanisch
Veröffentlicht: Ciudad de México, México Fondo de Cultura Económica 2003
Schlagworte:
Tags: Tag hinzufügen
Keine Tags, Fügen Sie den ersten Tag hinzu!

MARC

LEADER 00000cam a2200000 a 4500
001 UCJ9776
003 CL-VaPUC
005 20230112074234.0
008 070405e20030000MX |||||||||||||||||spa|d
999 |c 325185  |d 325183 
020 |a 9681670779 
040 |c Pontificia Universidad Católica de Valparaíso 
082 0 4 |a 320.5409714 BOU 2003  |2 21 
100 0 |a Bouchard, Gérard  |9 519877 
245 1 0 |a Génesis de las naciones y culturas del Nuevo Mundo: ensayo de historia comparada 
260 0 3 |a Ciudad de México, México  |b Fondo de Cultura Económica  |c 2003 
300 |a 612 páginas 
583 |a last modification  |c 20160711 03:43:50  |k Rodrigo Vera 
650 7 |a NACIONALISMO  |2 CL-VaPUC  |9 519878 
650 7 |a IDENTIDAD ETNICA  |2 CL-VaPUC  |9 519879 
650 0 |a Historia  |9 255047 
651 0 |a Australia  |9 262077 
651 0 |a América  |9 255182 
942 |c BK  |2 ddc 
945 |d 20070405 00:00:00  |a lvergara 
952 |0 0  |1 0  |2 ddc  |4 0  |6 320_540971400000000_BOU_2003  |7 0  |8 A  |9 405816  |a BIBHIS  |b BIBHIS  |d 2019-11-22  |i 4329066  |o 320.5409714 BOU 2003  |p 4329066  |r 2025-01-20  |t 1  |w 2019-11-22  |y BK  |k HIS 
952 |0 0  |1 0  |2 ddc  |3 erb  |4 0  |6 320_540971400000000_BOU_2003  |7 0  |8 A  |9 405817  |a FDOHBE  |b FDOHBE  |e Huesbe Llanos, Marco Antonio, 1934-  |i 5306280  |o 320.5409714 BOU 2003  |p 5306280  |r 2024-01-30  |t 2  |w 2019-11-22  |y BK  |z Catalogado en:20160713  |k HBE